The mathematics of physics and chemistry / by Henry Margenau and George Moseley Murphy.

Saved in:
Bibliographic Details
Main Author: Margenau, Henry
Format: Book
Published: Princeton, New Jersey : D. Van Nostrand Co., 1956.
Edition:2nd edition.
Subjects:
LEADER 00825nam a22002293 4500
001 c000414971
003 CARM
005 00000000000000.0
008 981124
019 1 |a 14262910 
040 |a VDU  |c VDU 
082 0 4 |a 510 
100 |a Margenau, Henry. 
245 4 |a The mathematics of physics and chemistry / by Henry Margenau and George Moseley Murphy. 
250 |a 2nd edition. 
260 |a Princeton, New Jersey : D. Van Nostrand Co., 1956. 
300 |a 1 v. (various pagings) 
650 |a Chemistry  |x Mathematics. 
650 |a Mathematical physics. 
852 8 |b CARM  |h A3:AG02F0  |i C12771  |p 0586739  |f BK 
999 f f |i 91be9f35-38a7-5a6f-996f-aafdac1d3660  |s 411f4e27-f411-5065-b991-02561d056854 
952 f f |p Can circulate  |a CAVAL  |b CAVAL  |c CAVAL  |d CARM 1 Store  |e C12771  |f A3:AG02F0  |h Other scheme  |i book  |m 0586739